| 000 | 01127nam a2200229Ia 4500 | ||
|---|---|---|---|
| 001 | L200-53325 | ||
| 003 | IT-CnALBA | ||
| 008 | 170116s9999||||xx |||||||||||||| ||und|| | ||
| 040 |
_aIT-CnALBA _cIT-CnALBA |
||
| 041 | _aITALIANO | ||
| 100 | _aRAVASI GIANFRANCO | ||
| 245 | 0 | _aLA BIBBIA PER LA FAMIGLIA. VOL. VIII. | |
| 250 | _a1a ed. | ||
| 260 |
_aCINISELLO BALSAMO (MI) _bPERIODICI SAN PAOLO ED. _c1997 [1° Ed.:1997 - Ed.Ling.Originale: 1997] |
||
| 300 | _a384 p. | ||
| 500 | _aCURATORE RAVASI G.F. EZECHIELE. DANIELE. OSEA. GIOELE. AMOS. ABDIA. GIONA. NAUM. ABACUC. SOFONIA. AGGEO. ZACCARIA. MALACHIA. TRADUZIONE DAI TESTI ORIGINALI. NOVISSIMA VERSIONE DELLA BIBBIA. ILLUSTRAZIONI. | ||
| 501 | _aSocietà San Paolo EM - Piazza San Paolo, 14 - 12051 ALBA (CN) (non commercial uses only) ® Copyright 2017 | ||
| 520 | _aCURATORE RAVASI G.F. EZECHIELE. DANIELE. OSEA. GIOELE. AMOS. ABDIA. GIONA. NAUM. ABACUC. SOFONIA. AGGEO. ZACCARIA. MALACHIA. TRADUZIONE DAI TESTI ORIGINALI. NOVISSIMA VERSIONE DELLA BIBBIA. ILLUSTRAZIONI. | ||
| 650 | _aRELIGIONE - RELIGIONE CRISTIANA | ||
| 942 | _cBK | ||
| 957 | _71 | ||
| 999 |
_a70815 _bNO _g Copie: 1 _c312206 _d312206 |
||